| 000 | 00419nam a22001697a 4500 | ||
|---|---|---|---|
| 003 | OSt | ||
| 005 | 20251006163852.0 | ||
| 008 | 251006b |||||||| |||| 00| 0 eng d | ||
| 082 |
_a000 _bMUTS |
||
| 100 | _aMuthuswamy | ||
| 245 | _aSwamy's Handbook 2024: For central government staff | ||
| 260 |
_aJaipur _bSwamy Publishers (P) Ltd. |
||
| 300 | _a608p. | ||
| 546 | _aEnglish | ||
| 650 | _aHandbook | ||
| 942 |
_2ddc _cBK |
||
| 999 |
_c3871 _d3871 |
||